000 04466nam0a22007811 4500
001 RU\NLR\A1\24735
005 20260408064006.0
035 _a(NLR Aleph) 009679059
090 _a9694413
_c9694413
100 _a19981126d1790 a y0rusy50 ca
101 0 _arus
102 _aRU
135 _acrcn 024anaba
140 _ay y kc yaa0000
200 1 _aРуководство к механике,
_fизданное для народных училищ Российской империи по высочайшему повелению царствующия императрицы Екатерины Вторыя.
_g[Пер. М.Е.Головина]
205 _aВторым тиснением
210 _aВ Санктпетербурге
_c[тип. Брейткопфа]
_d1790
215 _a[8], 188 с., 7 л. черт.
_d
310 _aТираж 3000 экз.
314 _aИзд. Комис. об учреждении нар. уч-щ
316 _aЭкз. РНБ (138/2289) в цельнокожанном коричневом мармариров. пер. Корешок гладкий, с блинтовым тиснением. На корешке коричн. кожан. наклейка с вытисн. загл.: "Руководство к механике". На верхней крышке пер. блинтовым тиснением вытисн.: "За прилежание и благонравие". Правая сторона форзаца отсутствует. На нижней крышке пер. и форзаце ярлыки с шифром РНБ. На форзаце многочисл. техн. пометы. На тит. л. круглый штамп "Госуд. Публичн. библиотека. Дублет". На обороте тит. л., с.33, 188 и оборотах всех листов черт. круглый штамп ГПБ. Размер: 19,7х11,6х2,3 см
_5NLR: 138/2289
317 _aОдин из экз. ЯИАМЗ из б-ки И.А.Вахромеева деф.: отсутствует 1 л. черт.
_5ЯИАМЗ
317 _aВ экз. РНБ (138/2289) на левой стороне нахзаца владельческая надпись: "Сия книга Петра Хабарова" (2 раза)
_5138/2289
321 1 _aСК XVIII 6199
321 _aСК XVIII. Т.5. С.297
325 _aКопия доступна в Электрон. б-ке РНБ
620 _dСанкт-Петербург
702 1 _4610
_7ca
_8rus
_aБрейткопф
_bФ. И.
_f1749-1820
_gФедор Иванович
_9183064
_3RU\NLR\AUTH\770183115
702 1 _aХабаров
_bП.
_gПетр
_5138/2289
_4390
702 1 _4730
_7ca
_8rus
_aГоловин
_bМ. Е.
_f1756-1790
_gМихаил Евсевьевич
_9199132
_3RU\NLR\AUTH\770199183
702 1 _4390
_8rus
_7ca
_aВахромеев
_bИ. А.
_f1843-1908
_gИван Александрович
_3RU\NLR\AUTH\77109382
_992307
712 0 2 _4610
_aБрейткопф, типография
_cПетербург
_3RU\NLR\AUTH\8810039155
_9577217
801 0 _aRU
_bNLR
_c19981126
852 _aNLR
_j18.66.6.47
852 _aNLR
_j138/2289
856 0 _uhttps://vivaldi.nlr.ru/bx000025288/view
856 1 _uhttps://vivaldi.nlr.ru/bx000025288/cover
856 2 _uhttps://vivaldi.nlr.ru/bx000025288/text
899 _aСОКМ
899 _aНБЛ КГУ
_y4 экз.
899 _aОМ
899 _aНГОНБ
_y4 экз.
899 _aВОУНБ
899 _aРГБ
899 _aБАН
899 _aКостОУНБ
899 _aКирОУНБ
_y2 экз.
899 _aГБГИ
899 _aМГУ
899 _aГПИБ
899 _aККМ
899 _aУОНБ
899 _aЯИАМЗ
_y2 экз.
899 _aГМЗРК
899 _aПГОКМ
899 _aНЦГБ
942 _cBOOK
980 _aNB
980 3 _akpcivil
980 3 _akp2021
980 3 _akp
980 _aA1XVIIIv
981 2 2 _a(22) Материалы по истории России
_b(22) Культура. Наука. Просвещение.
981 2 0 _a(20) Книжные памятники РНБ
_b(20) Русский книжный фонд